MARC details
| 000 -CABECERA |
| campo de control de longitud fija |
01248nam a2200325 a 4500 |
| 001 - NÚMERO DE CONTROL |
| campo de control |
000045249 |
| 003 - IDENTIFICADOR DEL NÚMERO DE CONTROL |
| campo de control |
DO-SdBNP |
| 005 - FECHA Y HORA DE LA ÚLTIMA TRANSACCIÓN |
| campo de control |
20230118091546.0 |
| 007 - CAMPO FIJO DE DESCRIPCIÓN FÍSICA--INFORMACIÓN GENERAL |
| campo de control de longitud fija |
ta |
| 008 - DATOS DE LONGITUD FIJA--INFORMACIÓN GENERAL |
| campo de control de longitud fija |
150216s1986 dr a r 000 0 spa d |
| 040 ## - FUENTE DE LA CATALOGACIÓN |
| Centro catalogador/agencia de origen |
DO-SdBNP |
| Lengua de catalogación |
spa |
| Centro/agencia transcriptor |
BNPHU |
| 082 ## - NÚMERO DE LA CLASIFICACIÓN DECIMAL DEWEY |
| Número de clasificación |
923.9 |
| Número de documento/Ítem |
C719T, 1986 |
| Número de edición |
22 |
| 100 1# - ENTRADA PRINCIPAL--NOMBRE DE PERSONA |
| Nombre de persona |
Tejera, Emiliano, |
| Fechas asociadas al nombre |
1841-1923. |
| 9 (RLIN) |
24003 |
| 245 14 - MENCIÓN DE TÍTULO |
| Título |
Los restos de Colón en Santo Domingo ; |
| Resto del título |
Los dos restos de Cristóbal Colón / |
| Mención de responsabilidad, etc. |
Emiliano Tejera. |
| 260 ## - PUBLICACIÓN, DISTRIBUCIÓN, ETC. |
| Lugar de publicación, distribución, etc. |
Santo Domingo : |
| Nombre del editor, distribuidor, etc. |
Sociedad Dominicana de Bibliófilos, |
| Fecha de publicación, distribución, etc. |
1986. |
| 300 ## - DESCRIPCIÓN FÍSICA |
| Extensión |
xxv, 316 p. : |
| Otras características físicas |
il. ; |
| Dimensiones |
24 cm. |
| 490 1# - MENCIÓN DE SERIE |
| Mención de serie |
Sociedad Dominicana de Bibliófilos |
| 490 1# - MENCIÓN DE SERIE |
| Mención de serie |
Cultura dominicana |
| Designación de volumen o secuencia |
60 |
| 500 ## - NOTA GENERAL |
| Nota general |
Incluye índice onomástico |
| 500 ## - NOTA GENERAL |
| Nota general |
Incluye referencias bibliográficas y notas al pie de las páginas. |
| 501 ## - NOTA DE "CON" |
| Nota de “Con” |
Publicado con: Los dos restos de Cristóbal Colón |
| 563 ## - NOTA DE ENCUADERNACIÓN |
| Nota de encuadernación |
Dos obras publicadas juntas con paginación continua. |
| 590 ## - NOTA LOCAL (RLIN) |
| Nota local |
Inventariado, 2023 / DG |
| 700 12 - PUNTO DE ACCESO ADICIONAL--NOMBRE DE PERSONA |
| Nombre de persona |
Tejera, D. Emilio, |
| Fechas asociadas al nombre |
1841-1923 |
| Título de la obra |
Los dos restos de Cristóbal Colón |
| 9 (RLIN) |
46472 |
| 740 32 - PUNTO DE ACCESO ADICIONAL--TÍTULO RELACIONADO O ANALÍTICO NO CONTROLADO |
| Título relacionado o analítico no controlado |
Los dos restos de Cristóbal Colón. |
| 830 #0 - PUNTO DE ACCESO ADICIONAL DE SERIE-TÍTULO UNIFORME |
| Título uniforme |
Sociedad Dominicana de Bibliófilos |
| 9 (RLIN) |
889 |
| 830 #0 - PUNTO DE ACCESO ADICIONAL DE SERIE-TÍTULO UNIFORME |
| Título uniforme |
Cultura dominicana ; |
| Número de parte o sección de la obra |
60 |
| 9 (RLIN) |
73276 |
| 910 ## - DATOS DE OPCIÓN DEL USUARIO (OCLC) |
| Datos de opción del usuario |
DG |
| 942 ## - ELEMENTOS DE PUNTO DE ACCESO ADICIONAL (KOHA) |
| Fuente del sistema de clasificación o colocación |
Dewey Decimal Classification |
| Tipo de ítem Koha |
Libro |